| 000 | 003430000a22001570004500 | ||
|---|---|---|---|
| 003 | MACL | ||
| 040 | _aMACL | ||
| 090 |
_c43418 _d43416 |
||
| 100 | _aMinhas, Davinder Singh | ||
| 245 | _aAdvance DTP Course | ||
| 260 |
_bFusion Books _c2009 |
||
| 350 | _a200 | ||
| 650 | _aComputer Science | ||
| 942 |
_cBOOK _k005/MIN |
||
| 951 | _o005/MIN BOOK | ||
| 999 |
_c42963 _d42963 |
||